000 00983nam a22002417a 4500
003 PE SENCICO BE
005 20251020182639.0
008 230705b |||||||| |||| 00| 0 eng d
040 _aPE SENCICO BE
_cPE SENCICO BE
041 _aspa
084 _aI
_aTOP
_a2014
_bC29
100 1 _91208
_aCastillo Guerrero, Mario Enrique
_eautor
245 1 _aCoordenadas UTM aplicación en la cartografía peruana /
_cMario Enrique Castillo Guerrero
260 _aLima :
_c2014
300 _a68 h. :
_bil. col., tabls. ;
_c29 cm.
502 _aMonografía de Titulación.-- Servicio Nacional de Capacitación para la Industria de la Construcción. Escuela Superior Técnica. Carrera Profesional Técnica en Topografía y Geodesía, 2014.
650 1 4 _94
_aTopografía
650 2 4 _91
_aCartografía
650 2 4 _92
_aGeodesia
710 1 _aServicio Nacional de Capacitación para la Industria de la Construcción.
_bEscuela Superior Técnica
_91065
910 _bhfp
_chfp
942 _cMON
999 _c4226
_d4226